000 00331nam a22001457a 4500
008 210308b ||||| |||| 00| 0 eng d
020 _a9780534242527
041 _aeng
080 _a541
082 _a541
100 _a12
101 _aKIM
245 _aGeneral,Organic ,aand Biological Chemistry
_cLygre,G.D
942 _2udc
_cBK
999 _c55967
_d55967